Možnosti hodnocení degradace materiálových vlastností

Bibliographic Details
Main Authors: Purmenský, Jaroslav (Author), Matocha, Karel (Author), Tvrdý, Miroslav (Author)
Format: Article
Language:Slovak
Czech
PhysicalDescription:Grafy, sch., tab.
ISSN:1335-7727
Subjects:

MARC

LEADER 00000nab a2200000 a 4500
001 vtls000849056
003 SK-MaSNL
005 20260304105357.0
008 250429c2003 xo 0 slo
015 |a SNBRB2003/10-29172 
035 |a CLN000200711 
035 |a urn:nbn:sk:snk-abf493 
035 |a (urnnbn)urn:nbn:sk:snk:ar-a09pkk 
035 |a (uuid)109c0932-21b1-4b91-8a81-e2df2dbd5474 
040 |a SNKBUCL  |b slo  |c SNKBUCL  |e AACR2 
041 0 |a cze 
044 |a xo  |c SK 
080 |a 620.17:620.11  |2 1997 
080 |a 620.11  |2 1997 
100 1 |a Purmenský, Jaroslav  |4 aut  |9 1132216 
245 1 0 |a Možnosti hodnocení degradace materiálových vlastností  |c Jaroslav Purmenský, Karel Matocha, Miroslav Tvrdý 
300 |b Grafy, sch., tab. 
504 |a Bibliogr. odkazy 
504 |a Res. čes. 
650 0 7 |a materiály  |x degradácia  |x vlastnosti mechanické  |x skúšanie  |2 snkbucl  |9 1406625 
650 0 7 |a skúšanie materiálov  |2 snkbucl  |9 4168 
655 7 |a články z novín a časopisov  |2 snkbucl  |9 267496 
700 1 |a Matocha, Karel  |4 aut  |9 8613 
700 1 |a Tvrdý, Miroslav  |4 aut  |9 871648 
773 0 |t Ropa, uhlie, plyn a petrochémia  |g Roč. 45, č. 1-2 (2003), s. 18-23  |x 1335-7727 
850 |a Slovenská národná knižnica 
852 |a Slovenská národná knižnica 
958 |a article27 
958 |a OND 
958 |a NB 
958 |a EUIPO 
999 |c 2855434  |d 2857364